「お」が3つ以上含まれる駅名 - Statistics

General Stats
  • This quiz has been taken 75 times
  • The average score is 4 of 18
Answer Stats
会社 都道府県 駅名 読み % Correct
JR 静岡県 大岡 おおおか
94%
私鉄 東京都 大岡山 おおおかやま
92%
私鉄 神奈川県 上大岡 かみおおおか
72%
私鉄 兵庫県 大塩 おおしお
18%
JR 鹿児島県 大隅大川原 おおすみおおかわら
18%
私鉄 北海道 大通 おおどおり
18%
JR 青森県 大鰐温泉 おおわにおんせん
15%
JR 福島県 会津大塩 あいづおおしお
11%
私鉄 静岡県 奥大井湖上 おくおおいこじょう
9%
JR 秋田県 大滝温泉 おおたきおんせん
8%
私鉄 愛知県 久屋大通 ひさやおおどおり
8%
私鉄 神奈川県 日本大通り にほんおおどおり
6%
私鉄 長崎県 大浦海岸通 おおうらかいがんどおり
5%
私鉄 福岡県 薬院大通 やくいんおおどおり
5%
私鉄 高知県 大橋通 おおはしどおり
3%
私鉄 京都府 西大路御池 にしおおじおいけ
3%
私鉄 愛知県 駅前大通 えきまえおおどおり
2%
私鉄 東京都 扇大橋 おうぎおおはし
0%
No matching quizzes found
Score Distribution
Percent of People with Each Score
Percentile by Number Answered
Your Score History
You have not taken this quiz